Getting real

Bibliographic Details
Main Author: Vance, Greg
Format: Book
Published: Australia : Kangaroo Press , 1993
Subjects:

MARC

LEADER 00000cam a2200000 7i4500
001 0000004328
002 000004650
005 20000330.0
020 |a 0864175299 
090 0 0 |a 153.8   |b VAN 
100 1 |a Vance, Greg 
245 1 0 |a Getting real   |c Greg Vance 
260 |a Australia :   |b Kangaroo Press ,   |c 1993 
300 |a 136p. ;   |c 21cm. 
650 0 0 |a Personal development 
999 |a 037376   |b BUKU   |c PINJAMAN   |e PERPUSTAKAAN KOMUNITI PETALING JAYA